000 00484nam a22001937a 4500
003 MPLRDC
005 20220104143109.0
008 210129b ||||| |||| 00| 0 eng d
020 _a7-5072-0151-1
082 _a226.9 LXC
100 _a李冀诚,丁明夷著; 王志远主编
245 _a佛教密宗百问
_c
250 _a一版一刷
260 _a
_b中国建设出版社
_c1989
300 _b
490 _a宗教文化丛书
650 _a
942 _cBK
_o226.9 LXC
999 _c36584
_d36574